Euroopan kaupungit kirjaimittain - K - Statistics

Yleistilastot
  • Tätä visaa on pelattu 36 kertaa
  • Keskiarvotulos 14 / 33
Vastaukset kartalla
Vastauksille on annettu kartalla punavihreä väri sen mukaan, kuinka moni on saanut sen oikein.
 
Vastaustilastot
% Oikein
Suomi Kouvola 78 386 60.868056 26.704167
96%
Ukraina Kiova 2 952 301 50.45 30.523333
92%
Suomi Kuopio 125 666 62.8925 27.678333
92%
Tanska Kööpenhamina 667 099 55.666667 12.566667
Kaarasjoki 69.471667 25.521389 4 kaarasjoki
Kalamáta 37.033333 22.116667 4 kalamata
Kaliningrad 54.7196 20.5008 4 kaliningrad
Kalmar 56.663056 16.363056 4 kalmar
Kaluga 54.510306 36.26025 4 kaluga
Karlsruhe 49.016667 8.4 4 karlsruhe
Karlstad 59.383333 13.533333 4 karlstad
Katowice 50.265 19.023889 4 katowice
Kaunas 54.9 23.933333 4 kaunas
Kecskemét 46.5427 19.4130 4 kecskemet
Keflavík 64.016667 -22.566667 4 keflavik
Kiel 54.333333 10.133333 4 kiel
Kiiruna 67.85 20.216667 4 kiiruna
Kingston upon Hill 53.744 -0.333 4 kingston-upon-hill
Kiova 50.45 30.523333 4 kiova
Klagenfurt 46.617778 14.305556 4 klagenfurt
Klaipéda 55.7 21.133333 4 klaipeda
Kohtla-Järve 59.4 27.283333 4 kohtla-jarve
Kolding 55.483333 9.466667 4 kolding
Kos 36.85 27.233333 4 kos
Košice 48.716667 21.25 4 kosice
Koutokeino 69.011944 23.043611 4 koutokeino
Kouvola 60.868056 26.704167 4 kouvola
Krakova 50.064722 19.945 4 krakova
Krasnodar 45.0248 38.97 4 krasnodar
Kragujevac 44.011111 20.911111 4 kragujevac
Kristiansand 58.147778 7.9925 4 kristiansand
Kryvyj Rih 47.9047 33.3936 4 kryvyj-rih
Kuopio 62.8925 27.678333 4 kuopio
Kuressaare 58.253333 22.486111 4 kuressaare
Kursk 51.733 36.183 4 kursk
Köln 50.940556 6.96 4 koln
Kööpenhamina 55.666667 12.566667 4 koopenhamina
88%
Ruotsi Kiiruna 22 426 67.85 20.216667
85%
Puola Krakova 806 201 50.064722 19.945
85%
Saksa Köln 1 024 621 50.940556 6.96
77%
Venäjä Kaliningrad 488 690 54.7196 20.5008
62%
Ruotsi Karlstad 98 084 59.383333 13.533333
58%
Liettua Kaunas 302 874 54.9 23.933333
58%
Saksa Kiel 252 668 54.333333 10.133333
50%
Kreikka Kos 21 429 36.85 27.233333
50%
Norja Koutokeino 2 847 69.011944 23.043611
42%
Puola Katowice 279 190 50.265 19.023889
38%
Viro Kohtla-Järve 32 839 59.4 27.283333
38%
Viro Kuressaare 12 989 58.253333 22.486111
38%
Ruotsi Kalmar 72 704 56.663056 16.363056
35%
Saksa Karlsruhe 309 050 49.016667 8.4
35%
Liettua Klaipéda 160 082 55.7 21.133333
35%
Norja Kristiansand 118 221 58.147778 7.9925
35%
Islanti Keflavík og Njarðvík 21 847 64.016667 -22.566667
27%
Slovakia Košice 225 044 48.716667 21.25
27%
Norja Kaarasjoki 2 543 69.471667 25.521389
23%
Itävalta Klagenfurt am Wörthersee 105 256 46.617778 14.305556
23%
Kreikka Kalamáta 63 419 37.033333 22.116667
19%
Iso-Britannia Kingston upon Hull 270 806 53.744 -0.333
15%
Venäjä Kursk 434 696 51.733 36.183
15%
Unkari Kecskemét 108 651 46.5427 19.4130
12%
Tanska Kolding 63 645 55.483333 9.466667
12%
Venäjä Krasnodar 1 154 885 45.0248 38.97
12%
Venäjä Kaluga 324 989 54.510306 36.26025
8%
Serbia Kragujevac 146 315 44.011111 20.911111
8%
Ukraina Kryvyj Rih 603 904 47.9047 33.3936
4%
Ehtoja vastaavia visoja ei löytynyt
Tulosjakauma
Jokaisen tuloksen saaneiden osuus
Persentiili vastausten määrän mukaan
Tuloshistoriasi
Et ole pelannut tätä visaa